مكتبة جامعة عجلون الوطنية

فهرس بحث المكتبة

Normal view MARC view
  • Edited: Skerratt, L.C.L /D.J.Tonkin

Entry Personal Name

Number of records used in: 1

001 - CONTROL NUMBER

  • control field: 3197

003 - CONTROL NUMBER IDENTIFIER

  • control field: JO-AjAnu

005 - DATE AND TIME OF LATEST TRANSACTION

  • control field: 20230606070827.0

008 - FIXED-LENGTH DATA ELEMENTS

  • fixed length control field: 230606|| aca||aabn | a|a d

040 ## - CATALOGING SOURCE

  • Original cataloging agency: JO-AjAnu
  • Transcribing agency: JO-AjAnu

100 ## - HEADING--PERSONAL NAME

  • Personal name: Edited: Skerratt, L.C.L /D.J.Tonkin

670 ## - SOURCE DATA FOUND

  • Source citation: Work cat.: (JO-AjAnu)1674: Edited: Skerratt, L.C.L /D.J.Tonkin, author, Financial Reporting 1993-1994: A Survey of UK Reporting practice